| 000 | 02497cam a22004934i 4500 | ||
|---|---|---|---|
| 003 | PE-LiUPU | ||
| 005 | 20250731173449.0 | ||
| 008 | 150617s r 000 0 d | ||
| 020 | _a8470573063 | ||
| 035 | _a(Sirsi) i9788470573064 | ||
| 040 |
_aPE-LiUPU _bspa _cPE-LiUPU _erda |
||
| 049 | _aPRUA | ||
| 082 | 0 | 4 |
_a203 _bB23 _221 |
| 245 | 0 | 0 | _aNuevo diccionario de teología. |
| 264 | 1 |
_aMadrid : _bEdiciones Cristiandad, _c1982. |
|
| 300 |
_aPag. 1033-2015 ; _c22 centímetros |
||
| 336 |
_atext _2rdacontent |
||
| 337 |
_aunmediated _2rdamedia |
||
| 338 |
_avolume _2rdacarrier |
||
| 505 | 0 | _aMatrimonio. -Medios de comunicación social. -Milagro. -Ministerio. -Muerte. -Mujer en la iglesia. -Mundo. -Nuevo testamento. -Oración. -Ortodoxia. -Ortopraxis. -Padre. -Papa. -Parusía. -Paz. -Pecado original. -Pluralismo teológico. -Pobreza. -Política. -Progreso. -Reino de Dios. -Religión. -Resurrección. -Retribución. -Revelación. -Sacramentos. -Salvación. -Secularización. -Sinodalidad. -Sobrenatural. -Teología. -Teología de los sacramentos. -Teología del derecho canónico. -Teología fundamental. -Trabajo. -Tradición. -Trinidad. -Unción de los enfermos. | |
| 526 | _aSEG42 | ||
| 526 | _aSEG41 | ||
| 526 | _aSEG40 | ||
| 526 | _aSEG39 | ||
| 526 | _aP94 | ||
| 526 | _aP87 | ||
| 526 | _aP86 | ||
| 526 | _aP85 | ||
| 526 | _aP77 | ||
| 526 | _aP76 | ||
| 526 | _aP35 | ||
| 650 | 0 | 4 |
_aTeología _xDiccionarios. |
| 700 | 1 | _aBarbaglio, G. | |
| 700 | 1 | _aDianich, S. | |
| 910 |
_ajck _bjvq _cjck _d20150616 |
||
| 942 |
_2ddc _cBOOK |
||
| 949 |
_a203 B23 _wDEWEY _c1 _i22975 _lCCODEBUL1 _mBUL _r0 _sY _tBOOK _u2015-6-17 _xTEOLOGIA _PP35 _0COMPRA _o.CIRCNOTE. No olvidar cambiar la fecha de devolución!!!!!!! _o.STAFF. Colección General |
||
| 949 |
_aRC 230.3 B23 _wDEWEY _c1 _i39724 _lCCODEBUL1 _mBUL _r0 _sY _tBOOK _u2015-6-16 _xTEOLOGIA _zUNKNOWN _0COMPRA _o.CIRCNOTE. No olvidar cambiar la fecha de devolución!!!!!!! _o.STAFF. Colección General |
||
| 994 |
_aC0 _bPEPRU |
||
| 596 | _a1 | ||
| 999 |
_aRC 230.3 B23 _wDEWEY _c57375 _i39724 _f2021-11-8 _g6 _lCCODEBUL1 _mBUL _r1 _sY _tBOOK _u2015-6-16 _xTEOLOGIA _zUNKNOWN _0COMPRA _o.CIRCNOTE. No olvidar cambiar la fecha de devolución!!!!!!! _o.STAFF. Colección General _d57375 |
||
| 999 |
_a203 B23 _wDEWEY _c1 _i22975 _f2021-11-8 _g6 _lCCODEBUL1 _mBUL _r1 _sY _tBOOK _u2015-6-17 _xTEOLOGIA _PP35 _0COMPRA _o.CIRCNOTE. No olvidar cambiar la fecha de devolución!!!!!!! _o.STAFF. Colección General |
||
| 980 |
_81 _gALBERTO SANCHEZ Responsable de Automatización |
||